| 000 | 02190nam a22002417a 4500 | ||
|---|---|---|---|
| 999 |
_c60273 _d60273 |
||
| 003 | Ge_BSU | ||
| 005 | 20230623122646.0 | ||
| 008 | 230623s1968 ge ||||| |||| 00| 0 geo d | ||
| 041 | _ageo | ||
| 080 | _a902(479.22)+72(479.22) ა-58 | ||
| 100 |
_aამირანაშვილი, ჯუანშერ _917671 |
||
| 245 |
_aადრეფეოდალური ხანის ქართული არქიტექტურისა და რელიეფური ქანდაკების ძეგლები : _b საქართველოს სსრ ბოლნისის რაიონის არქეოლოგიური მასალის მიხედვით / _c ჯუანშერ ამირანაშვილი; რედაქტორი: შ. ამირანაშვილი; საქართველოს სსრ მეცნიერებათა აკადემია, ივ. ჯავახიშვილის სახელობის ისტორიის, არქეოლოგიისა და ეთნოგრაფიის ინსტიტუტი. |
||
| 264 |
_aთბილისი : _b მეცნიერება , _c1968. |
||
| 300 |
_a58 გვ. _bტაბულები; _c21 სმ. |
||
| 520 | _aრეზიუმე რუსულ ენაზე | ||
| 653 | _aარქეოლოგიური გათხრები ბოლნისის რაიონში | ||
| 653 | _aრელიეფური ძეგლები | ||
| 653 | _aრელიეფური ქანდაკება | ||
| 653 | _aქართული რელიეფური ქანდაკება | ||
| 700 |
_aამირანაშვილი, შ. _eრედაქტორი _918924 |
||
| 710 |
_aსაქართველოს სსრ მეცნიერებათა აკადემია _bივ. ჯავახიშვილის სახელობის ისტორიის, არქეოლოგიისა და ეთნოგრაფიის ინსტიტუტი. _918925 |
||
| 942 |
_2udc _cBK |
||